Statistics for Shawshank Redemption Quiz

Click here to take the quiz!

General Stats

  • This quiz has been taken 975 times
  • The average score is 5 of 15

Answer Stats

HintAnswer% Correct
Everyone on the inside is ______Innocent
82%
Country which Andy wants to escape toMexico
78%
Instrament Red used to play as a younger manHarmonica
61%
Based on what author's novelStephen King
56%
"Lord! It's a miracle! Man up and vanished like a ___ __ __ ___"Fart in the wind
51%
Name of Brook's bird?Jake
41%
A bullshit wordRehabilitated
32%
What is Red's full name?Ellis Boyd Redding
31%
"Forty years I been ____ _______ __ ____. I can't squeeze a drop without say-so."Asking permission to piss
29%
Field in which Red had to visitBuxton
23%
Film's DirectorFrank Darabont
19%
Town in which Andy sends a postcard to RedFort Hancock
16%
"Remember Red, hope is a good thing, maybe the best of things, and __ ___ ___ __ __"No good thing ever dies
11%
Man who killed Andy's wifeElmo Blatch
10%
Song which Andy played on the loudspeakerThe Marriage of Figaro
7%

Score Distribution

Percentile by Number Answered

Percent of People with Each Score

Your Score History

You have not taken this quiz